000 00463nam a2200157 i 4500
001 69598
003 ES-MaACL
005 20230906170546.0
007 t|
008 040708s1957 sp ||||1| spa d
100 1 _aGarcía Estecha, José María.
_954580
245 1 3 _aEl átomo
_b: esperanza de la humanidad /
_cJosé María García Estecha.
260 _aMadrid :
_b[s.n.,
_c1957]
300 _a120 p. :
_bil. ;
_c19 cm.
852 _aES-MaACL
_jC-12448
_bR.40891
999 _c69598
_d69598